000 00972 am a2200229 a 4500
005 20231221082939.0
008 101006s2000||||ag d f |||| 000 0 spa d
020 _a9879823737
041 _aspa
092 _c610.7
_l2
_sAFA
110 1 _aAFACIMERA.
_91378
245 _aFormación de formadores. Metodología docente en Ciencias de la Salud.
_bT.4 Estudios de casos. Role-playing. Video cine debate. Aprendizaje en pequeños grupos /
_cAFACIMERA.
250 _a1a ed.
260 _aBuenos Aires:
_bAFACIMERA;
_c2000.
300 _a116 p.
500 _aAFACIMERA. (2000) Formación de formadores. Metodología docente en Ciencias de la Salud. T.4 Estudios de casos. Role-playing. video cine debate. Aprendizaje en pequeños grupos. (1a ed.) Buenos Aires : AFACIMERA.
590 _aAFACIMERA: Asociación de Facultades de Ciencias Medicas de la Republica Argentina.
653 _aCiencias Medicas
653 _aFormación docente
930 _a358
942 _2ddc
_cBK
999 _c793
_d793